LEADER 01299nam0-2200421---450- 001 990000356630203316 005 20081218120854.0 010 $a88-464-1039-4$dL. 35000 020 $aIT$b99-1992 035 $a0035663 035 $aUSA010035663 035 $a(ALEPH)000035663USA01 035 $a0035663 100 $a20010312d1998----y0itay0103 ba 101 $aita 102 $aIT 105 $a00||| 200 1 $aInternet$el'impresa in rete$eil marketing, le vendite, la pubblicitAa e la comunicazione d'impresa nella realtAa della rete globale$fMarcello Morelli 210 $aMilano$cF. Angeli$d[1998] 215 $a168 p.$d23 cm 225 2 $aAzienda moderna$v365. 410 0$aAzienda moderna$v365. 606 $aMarketing$xInformazioni in Internet 606 $aPubblicitAa$xInformazioni in Internet 676 $a658.800285467$v20 700 1$aMORELLI$b, Marcello$0106324 801 0$aIT 802 $ad 912 $a990000356630203316 951 $a658.800 MOR 1 (IRA 15 63)$b148744 L.M.$cIRA 15$d00009347 959 $aBK 969 $aUMA 979 $aTAMI$b40$c20010312$lUSA01$h1842 979 $c20020403$lUSA01$h1643 979 $aPATRY$b90$c20040406$lUSA01$h1625 979 $aRSIAV1$b90$c20081218$lUSA01$h1208 996 $aInternet$9876423 997 $aUNISA LEADER 01104nam0-2200361li-450 001 990000256190203316 005 20180312154832.0 010 $a0-306-30858-4 035 $a0025619 035 $aUSA010025619 035 $a(ALEPH)000025619USA01 035 $a0025619 100 $a20019950519751979979y0itay0103----ba 101 0 $aeng 102 $aUS 200 1 $aIntroduction to liquid crystals$fedited by E. B. Priestley ... [et al.] 210 $aNew York [etc.]$cPlenum Press$dcopyr. 1975 (stampa 1979) 215 $aXI, 356 p.$cill.$d23 cm 610 1 $acristalli liquidi 676 $a548.9 702 1$aPriestley,$bE. B. 801 $aSistema bibliotecario di Ateneo dell' Università di Salerno$gRICA 912 $a990000256190203316 951 $a548.9 INT$b17190/CBS$c548.9$d00326027 959 $aBK 969 $aSCI 979 $c19950522 979 $c20001110$lUSA01$h1715 979 $c20020403$lUSA01$h1634 979 $aPATRY$b90$c20040406$lUSA01$h1618 979 $aRSIAV6$b90$c20090807$lUSA01$h1050 996 $aIntroduction to liquid crystals$91502432 997 $aUNISA